000 00675nam a2200181 i 4500
001 151018
003 ES-MaACL
005 20250917063053.0
007 t|
008 071127s1875 fr ||||1| fre d
100 1 _aAmussat, Auguste Alphonse,
_d1820-1878
_921356
245 1 4 _aDes sondes à demeure et du conducteur en baleine /
_cA. Amussat.
260 _aEvreux :
_bImpr. CH. Hérissey,
_c1875.
300 _a15 p. :
_bil. ;
_c24 cm.
500 _aExtrait de : "Gazette des Hôpitaux", 1875, et la "Revue de Thérapeutique médico-chirurgicale", 1876, t. I, p.172.
852 _aES-MaACL
_jT-619-F-5
_q. - Ejemplar falto de portada
999 _c151018
_d151018